000
00280nam a2200121Ia 4500
008
220120s9999||||xx |||||||||||||| ||und||
082
_a
005.6 TAN
100
_a
Tanenbaum, Andrew, S
245
0
_a
Computer networks
260
_c
2004
300
_b
0
650
_a
Operating systems
999
_c
136707
_d
136707